Villes Belges - Mort subite - Statistiques

Statistiques générales
  • Ce quiz a été pris 280 fois
  • Le résultat moyen est 14 sur 21
Answers on the Grid
Answers color-coded by a green-red scale on the quiz's grid according to % correct below.
Alost
Anvers
Bale
Berne
Bernex
Boureni
Bréda
Bruges
Bruxelles
Chamoli
Charleroi
Courtrai
Dinant
Gand
Genk
Hasselt
Koewacht
Liège
Malines
Mons
Montluçon
Namur
Nantes
Odense
Ostende
Rois
Roubaix
Rouen
Roulers
Saint-Nicolas
Tourcoing
Tournai
Verviers
Waterloo
Ypres
Zaria
 
Statistiques - réponses
Réponse % Correct
Anvers
98%
Bruges
91%
Bruxelles
91%
Liège
91%
Charleroi
89%
Namur
82%
Gand
80%
Mons
77%
Waterloo
75%
Ostende
73%
Courtrai
70%
Genk
70%
Tournai
64%
Malines
63%
Dinant
55%
Hasselt
53%
Ypres
53%
Verviers
50%
Alost
45%
Saint-Nicolas
44%
Roulers
34%
Aucun quiz correspondant
Distribution des résultats
% des personnes avec chaque résultat
Percentile par nombre de réponses
Votre historique - résultats
Vous n’avez pas pris ce quiz